Friends Characters By Picture #3 - Statistics

General Stats
  • This quiz has been taken 165 times
  • The average score is 5 of 16
Answer Stats
Picture Answer % Correct
Emily Waltham
94%
Paolo
80%
Kathy
69%
Elizabeth Stevens
63%
Gavin Mitchell
47%
Sandra Green
39%
Dina Tribbiani
37%
Mr Zelner
37%
Terry
20%
Jasmine
17%
Doug
15%
Randall
10%
Steve
9%
Richard Crosby
6%
Jake
4%
Clifford Burnett
2%
No matching quizzes found
Score Distribution
Percent of People with Each Score
Percentile by Number Answered
Your Score History
You have not taken this quiz